Отчет Кони А. Ф. об итогах произведенной им ревизии Тифлисского окружного суда и Тифлисской судебной палаты

Доступно только в Электронных читальных залах Найти на картеНа карте
RUSMARC
00004184nac2a22003011x 450
0019439dc01-9742-46a0-beeb-aacc78bcfb17
00520131121170022.0
100##$a20130529l1895 k y0rusy50 ca
1010#$arus
102##$aRU
105##$ay z |||||
1220#$ad18950930
2001#$aОтчет Кони А. Ф. об итогах произведенной им ревизии Тифлисского окружного суда и Тифлисской судебной палаты
$j30 сентября 1895
215##$a90 листов
251##$cДело
300##$aРукописный текст
300##$aЗаголовок дела на папке: Отчет А. Ф. Кони об итогах произведенной им ревизии Тифлисского окружного суда и Тифлисской судебной палаты
324##$aСписок с правкой автора
330##$aДополнение к описи
461#0$10013a54f2e3-e9cf-409b-80fa-f0a9bd3c40cb
$12001
$aКони Анатолий Федорович, юрист, литератор, член академии наук, председатель Санкт-Петербургского окружного суда, член государственного совета
$1251
$cФонд
$1852
$j564
462#0$100178a475cd-a47d-4377-bff3-cee4b81de655
$12001
$aОпись дел фонда А. Ф. Кони за 1880-1931 гг.
$1251
$cОпись
$1852
$j1
517##$aОтчет А. Ф. Кони об итогах произведенной им ревизии Тифлисского окружного суда и Тифлисской судебной палаты
600#1$aКони
$bА. Ф.
$f1844-1927
$gАнатолий Федорович
60102$3RU\NLR\AUTH\8810178399
$aТифлисский окружной суд
60102$aТифлисская судебная палата
801#0$aRU
$bGA_RF
801#1$aRU
$bНПО Опыт
$c20130529
$2rusmarc
801#2$aRU
$bПБ им. Б.Н. Ельцина
$c20131121
$gRCR
$2rusmarc
852##$aГА РФ
$j4278
937##$d41896354
$hПБ
035##$aRuPRLIB51005718
Формат отображения